Normal view
MARC view
- Usman Amjed
Entry Personal Name
001 - CONTROL NUMBER
- control field: 93524
003 - CONTROL NUMBER IDENTIFIER
- control field: NUST
005 - DATE AND TIME OF LATEST TRANSACTION
- control field: 20220713184316.0
008 - FIXED-LENGTH DATA ELEMENTS
- fixed length control field: 220713|| aca||aabn | a|a d
040 ## - CATALOGING SOURCE
- Original cataloging agency: NUST
- Transcribing agency: NUST
100 ## - HEADING--PERSONAL NAME
- Personal name: Usman Amjed
670 ## - SOURCE DATA FOUND
- Source citation: Work cat.: (NUST)13285: Mahrukh Anwari 93522, Filmr-A movie recommendation engine, 2015
